| 000 | 00967cam a22002893a 4500 | ||
|---|---|---|---|
| 001 | 25811 | ||
| 003 | PGUSA | ||
| 005 | 20140828083544.0 | ||
| 008 | 080616s2008||||xxu|||||s|||||000 1 eng d | ||
| 040 |
_aPGUSA _beng |
||
| 042 | _adc | ||
| 050 | 4 | _aPZ | |
| 100 | 1 | _aCrane, Laura Dent | |
| 245 | 1 | 4 |
_aThe Automobile Girls in the Berkshires : _bOr, The Ghost of Lost Man's Trail _h[electronic resource] / _cLaura Dent Crane |
| 260 |
_bProject Gutenberg, _c2008 |
||
| 506 | _aPublic domain in the USA. | ||
| 516 | _aElectronic text | ||
| 653 | _aBerkshire Hills (Mass.) -- Juvenile fiction | ||
| 653 | _aAutomobile travel -- Juvenile fiction | ||
| 653 | _aGirls -- Societies and clubs -- Juvenile fiction | ||
| 653 | _aAdventure and adventurers -- Juvenile fiction | ||
| 653 | _aAirships -- Juvenile fiction | ||
| 653 | _aHorses -- Juvenile fiction | ||
| 830 | 0 |
_aProject Gutenberg _v25811 |
|
| 856 | 4 | 0 | _uhttp://www.gutenberg.org/ebooks/25811 |
| 942 | _cEB | ||
| 999 |
_c255066 _d255066 |
||